| Поле | Инд. | ПП | Название | Значение |
|---|---|---|---|---|
| Тип записи | a | |||
| Библиографический уровень | m | |||
| 001 | Контрольный номер | c21b2bb6188e4f3b8cbf8357e7a67e9c | ||
| 005 | Дата корректировки | 20220414214155.0 | ||
| 008 | Кодируемые данные | 220331|||||||||ru |||||||||||||||||rus|| | ||
| 020 | a | ISBN | 978-5-534-14476-5 | |
| 041 | 0_ | a | Код языка текста | rus |
| 084 | a | Индекс другой классификации/Индекс ББК | 36.95я7 | |
| 090 | a | Полочн. индекс | 36.95 | |
| x | Авторский знак | М 75 | ||
| 203 | a | Вид содержания | Текст | |
| c | Тип средства | непосредственное | ||
| 245 | 10 | a | Заглавие | Молочные продукты в рациональном питании |
| b | Продолж. заглавия | учебное пособие для вузов : для студентов высших учебных заведений, обучающихся по аграрным, экономическим, социально-экономическим, инженерно-техническим направлениям | ||
| c | Ответственность | под редакцией Л. Н. Плохотнюка | ||
| 260 | a | Место издания | Москва | |
| b | Издательство | Юрайт | ||
| c | Дата издания | 2021 | ||
| 300 | a | Объем | 60, [1] с. | |
| b | Иллюстрации/ тип воспроизводства | табл., диагр. | ||
| 440 | _0 | a | Серия | Высшее образование |
| 500 | a | Примечание | Авт. указаны на с. 5 | |
| 520 | 0_ | a | Аннотация | Данные этой работы предназначены для использования их в учебном процессе институтов питания и других высших учебных заведений, при планировании питания в санаториях и домах отдыха, лечебных учреждениях, а также в повседневной деятельности человека. В работе разъясняется порядок расположения продуктов питания в зависимости от уровня содержания в них питательных и минеральных веществ, а также витаминов и энергетической ценности с целью использования их в соответствии с принципами рационального питания. Соответствует актуальным требованиям ФГОС ВО. Для студентов высших учебных заведений, обучающихся по аграрным, экономическим, социально-экономическим, инженерно-техническим направлениям |
| 583 | x | Служебное примечание | Книга доступна на образовательной платформе "Юрайт" urait.ru, а также в мобильном приложении "Юрайт.Библиотека" | |
| x | Служебное примечание | Продукты питания животного происхождения. ВПО | ||
| 650 | 04 | a | Основная рубрика | Молочные продукты-Учебные издания для высших учебных заведений |
| 653 | 0_ | a | Ключевые слова | Масло |
| a | Ключевые слова | Молоко | ||
| a | Ключевые слова | Молочные продукты | ||
| a | Ключевые слова | Рациональное питание | ||
| a | Ключевые слова | Сыры твердые | ||
| 700 | 12 | a | Другие авторы | Плохотнюк Л. Н. |
| e | Роль лиц | Автор-редактор | ||
| 700 | 12 | a | Другие авторы | Пасечников А. С. |
| e | Роль лиц | Автор | ||
| 700 | 12 | a | Другие авторы | Пасечникова Т. А. |
| e | Роль лиц | Автор | ||
| 700 | 12 | a | Другие авторы | Пахарев А. В. |
| e | Роль лиц | Автор | ||
| 700 | 12 | a | Другие авторы | Пахарев П. В. |
| e | Роль лиц | Автор | ||
| 900 | a | Имя макрообъекта | Молочные продукты в рациональном питании | |
| 901 | t | Тип документа | m | |
| 952 | b | Гриф литературы для ВШ | Рекомендовано Учеб.-метод. отд. высш. образования | |
| c | Вид литературы | учебное пособие |